00575nam a22002177a 4500003000500000005001700005008004100022010001100063011001100074020001500085035001100100040000900111082001900120100002300139245005200162260003800214300002200252650002300274650003000297650003000327CHAP20220329143707.0110204s1987 us a r 00010 eng d a100445 a101417 a0517642697 a112105 cCHAP04a582.13097bW141 aWalcott, Mary Vaux10aWild flowers of Americac/por Mary Vaux Walcott aNew York :bHarrison House,c1987 a[471 p.] :bilus.14aBotánicaxE.U.A.14aFlores silvestresxE.U.A.14aFloresxIdentificación.